[Event "wk.vi.rr.1"]
[Site "SchemingMind.com"]
[Date "2016.04.07"]
[Round "-"]
[White "RyanSmith89"]
[Black "wight knight"]
[Result "0-1"]
[WhiteCountry "USA"]
[BlackCountry "ENG"]
[WhiteElo "1313"]
[WhiteRD "80"]
[BlackElo "1379"]
[BlackRD "62"]
[GameID "397782"]

1. e4 e5 2. Bc4 Bc5 3. Qh5 Qf6 4. Qf3 Qxf3 5. Nxf3 f6 6. Nc3 c6 7. a4 d6 8. O-O Bg4 9. Nh4 g5 10. Nf5 Bxf5
11. exf5 Ne7 12. g4 h5 13. Ne4 d5 14. Nxf6+ Kf7 15. Nxd5 cxd5 16. Bb3 hxg4 17. d3 Kf6 18. Be3 Bxe3 19. fxe3 Rh3 20. e4 dxe4
21. dxe4 Re3 22. Bd5 Nxd5 23. exd5 Nd7 24. c4 a5 25. d6 g3 26. h3 Re2 27. b3 Rb2 28. Rf3 Ra6 29. Rd1 g4 30. hxg4 g2
31. c5 Nxc5 32. d7 Nxd7 33. Rxd7 Rc6 34. Rd1 Kg5 35. Rg3 Rcc2 36. Re1 Kf4 37. Rge3 Kxg4 38. f6 Rc7 39. Rxe5 b6 40. Re7 Rc8
41. f7 Rf8 42. Re8 Rxf7 43. Rg8+ Kh3 44. Re3+ Kh4 45. Re4+ Kh5 46. Rxg2 Rxg2+ 47. Kxg2 Rc7 48. Kf3 Rc3+ 49. Re3 Rc5 50. Kf4 Kg6
51. Re5 Rc3 52. Rg5+ Kf6 53. Rg3 Rxg3 54. Kxg3 Ke5 55. Kf3 Kd4 56. Kf4 Kc3 57. Ke5 Kxb3 58. Kd5 Kxa4 59. Kc4 b5+ 60. Kc3 b4+
61. Kb2 b3 62. Ka1 Ka3
0-1

[Event "wk.vi.rr.1"]
[Site "SchemingMind.com"]
[Date "2016.04.07"]
[Round "-"]
[White "RyanSmith89"]
[Black "MattB"]
[Result "1-0"]
[WhiteCountry "USA"]
[BlackCountry "USA"]
[WhiteElo "1370"]
[WhiteRD "106"]
[BlackElo "1340"]
[BlackRD "72"]
[GameID "397783"]

1. e4 e5 2. Bc4 Nf6 3. Nc3 Bc5 4. Nf3 O-O 5. d4 exd4 6. Nxd4 a6 7. a4 c6 8. Bg5 d5 9. exd5 Re8+ 10. Nde2 Nbd7
11. Ne4 Rxe4 12. b3 Bb4+ 13. Bd2 Bc5 14. O-O Re8 15. b4 Ba7 16. Bg5 Qb6 17. c3 Ne4 18. a5 Nxf2 19. Qd4 Rxe2 20. axb6 Bxb6
21. Qh4 Ne4+ 22. Kh1 Rc2 23. Qxe4 cxd5 24. Qe8+ Nf8 25. Qxf7+
1-0

[Event "wk.vi.rr.1"]
[Site "SchemingMind.com"]
[Date "2016.04.07"]
[Round "-"]
[White "MattB"]
[Black "RyanSmith89"]
[Result "0-1"]
[WhiteCountry "USA"]
[BlackCountry "USA"]
[WhiteElo "1340"]
[WhiteRD "72"]
[BlackElo "1370"]
[BlackRD "106"]
[GameID "397784"]

1. e4 Nc6 2. Nf3 e5 3. Bc4 Nf6 4. d3 d6 5. Bg5 Be7 6. Nbd2 Bg4 7. O-O Nd4 8. c3 Nxf3+ 9. Nxf3 O-O 10. Qc2 d5
11. Bb3 Qd6 12. c4 dxe4 13. dxe4 Bxf3 14. c5 Qxc5 15. Qxc5 Bxc5 16. Bxf6 gxf6 17. gxf3 a5 18. Rac1 b6 19. Bd5 Rad8 20. a3 f5
21. exf5 Rxd5 22. b4 axb4 23. axb4 Bxb4 24. Rxc7 Kh8 25. Rfc1 Rg8+ 26. Kf1 f6 27. Ke2 Rd2+ 28. Ke3 Rgd8 29. f4 R8d3+ 30. Ke4 Rd4+
31. Kf3 Rxf4+ 32. Ke3 Rdxf2 33. Rc8+ Kg7 34. Rg1+ Kh6 35. h3 Bd2+ 36. Kd3 Rd4+ 37. Kc2 Be3+ 38. Kb1 Rb4+ 39. Ka1 Bd4+
0-1